[Event "Geneve op"]
[Site "Geneve"]
[Date "1995.??.??"]
[Round "8"]
[White "Weindl, Alfred"]
[Black "Fioramonti, Hung"]
[Result "1/2-1/2"]
[WhiteElo "2385"]
[BlackElo "2390"]
[PlyCount "55"]
[EventDate "1995.??.??"]
[Source "ChessBase"]

1. d4 d5 2. c4 c6 3. Nf3 Nf6 4. Nc3 Qb6 5. e3 Bf5 6. cxd5 cxd5 7. Ne5 e6 8. g4 Bg6 9. h4 h5 10. Nxg6 fxg6 11. g5 Ng8 12. Qd3 Ne7 13. Qb5+ Qxb5 14. Nxb5 Kd7 15. Bd2 Nbc6 16. Rc1 Nf5 17. Bd3 Rc8 18. Nc3 Bd6 19. Na4 Ke7 20. Nc5 b6 21. Na6 Nb4 22. Nxb4 Rxc1+ 23. Bxc1 Bxb4+ 24. Kd1 Rc8 25. a3 Bd6 26. Bd2 Kf7 27. Ke2 Rc7 28. Kd1 1/2-1/2

[Event "Dornbirn Open"]
[Site "Dornbirn"]
[Date "1990.??.??"]
[Round "?"]
[White "Horvath, Csaba"]
[Black "Scheipl, Ralf"]
[Result "1-0"]
[WhiteElo "2460"]
[BlackElo "2305"]
[PlyCount "101"]
[EventDate "1990.??.??"]
[Source "www.chesslib.no"]
[SourceDate "2004.05.04"]

1. d4 d5 2. c4 c6 3. Nf3 Nf6 4. Nc3 Qb6 5. e3 Bg4 6. h3 Bxf3 7. Qxf3 e6 8. Bd3 Be7 9. O-O O-O 10. b3 Nbd7 11. Bb2 dxc4 12. Bxc4 Qa5 13. a3 Rfd8 14. Rfd1 Rac8 15. Qe2 Qg5 16. b4 Nb6 17. Bd3 Bd6 18. Qf3 a5 19. b5 Nbd5 20. bxc6 Rxc6 21. Nb5 Bb8 22. g3 Ne7 23. e4 Ng6 24. Kf1 Rdc8 25. h4 Qg4 26. Qxg4 Nxg4 27. h5 Ne7 28. Ke2 Nf6 29. h6 gxh6 30. Bc1 Kg7 31. Bd2 b6 32. Rh1 Nfg8 33. Rh4 e5 34. dxe5 Rd8 35. f4 f6 36. exf6+ Nxf6 37. Rhh1 Nd7 38. Nd4 Rd6 39. Bc3 Kf7 40. e5 Nxe5 41. fxe5 Rxd4 42. Bxd4 Rxd4 43. Raf1+ Ke6 44. Rf6+ Kxe5 45. Rxb6 Bd6 46. Rh5+ Ke6 47. Rxh6+ Kd7 48. Rb7+ Ke8 49. Bb5+ Kf7 50. Rd7 Bc5 51. Rxh7+ 1-0

[Event "Corr"]
[Site "?"]
[Date "2000.09.25"]
[Round "?"]
[White "Armani Giuseppe (ITA)"]
[Black "Schuster Juri"]
[Result "1-0"]
[WhiteElo "2380"]
[BlackElo "2379"]
[PlyCount "91"]
[EventDate "2000.??.??"]
[Source "www.chesslib.no"]
[SourceDate "2004.05.04"]

1. d4 d5 2. c4 c6 3. Nf3 Nf6 4. Nc3 Qb6 5. e3 Bf5 6. Ne5 e6 7. g4 Bg6 8. h4 dxc4 9. Nxc4 Qc7 10. h5 Be4 11. Rh4 Bd5 12. g5 Nfd7 13. Nd2 e5 14. e4 exd4 15. Nxd5 cxd5 16. exd5 Kd8 17. Be2 d3 18. Bxd3 Qa5 19. Qb3 Nc5 20. Qb5 Nxd3+ 21. Qxd3 Na6 22. Qc3 Qxc3 23. bxc3 Nc5 24. Nb3 Nd3+ 25. Kd2 Nxc1 26. Rxc1 Bd6 27. Na5 b6 28. Nc6+ Kc7 29. Rg1 a6 30. Kd3 Rae8 31. Rh3 Bc5 32. h6 Rhg8 33. c4 Kc8 34. Nd4 g6 35. Rf3 Re7 36. Rf6 Rd7 37. Rb1 Rgd8 38. a4 Rb7 39. Rc6+ Rc7 40. Rcxb6 Bxb6 41. Rxb6 Rdd7 42. Nc6 Rb7 43. Rxa6 Rb2 44. f4 Rf2 45. Ke3 Ra2 46. Kd4 1-0

[Event "URS Army Ch"]
[Site "Simferopol UKR"]
[Date "1989.??.??"]
[Round "?"]
[White "Karasev, Vladimir I"]
[Black "Shabanov, Yuri"]
[Result "0-1"]
[WhiteElo "2370"]
[BlackElo "2385"]
[PlyCount "114"]
[EventDate "1989.??.??"]
[Source "www.chesslib.no"]
[SourceDate "2004.05.04"]

1. d4 d5 2. c4 c6 3. Nf3 Nf6 4. Nc3 Qb6 5. e3 Bf5 6. Nh4 Bg4 7. Be2 Bxe2 8. Qxe2 e6 9. O-O Be7 10. Nf3 Nbd7 11. e4 dxe4 12. Nxe4 a5 13. Nc3 O-O 14. d5 cxd5 15. cxd5 Nc5 16. Nd4 Rad8 17. Bg5 Rfe8 18. Bxf6 Bxf6 19. Qb5 Qxb5 20. Ndxb5 Bxc3 21. bxc3 exd5 22. Rfd1 Rd7 23. Kf1 Kf8 24. Rd4 Re4 25. Rad1 Rxd4 26. cxd4 Ne6 27. Rc1 Ke7 28. Ke2 Rd8 29. Ke3 Kd7 30. a4 f6 31. f4 Re8 32. Kd2 f5 33. Rc3 g6 34. g3 Rc8 35. Rxc8 Kxc8 36. Nd6+ Kc7 37. Ne8+ Kc6 38. Nf6 Nxd4 39. Nxh7 Nf3+ 40. Kc3 Nxh2 41. Nf8 Kc5 42. Nxg6 Nf1 43. g4 fxg4 44. f5 Ng3 45. Nh4 Nh5 46. Ng2 d4+ 47. Kd3 Kd5 48. f6 Nxf6 49. Nf4+ Kc5 50. Ne2 Nh5 51. Nxd4 Kb4 52. Ne6 g3 53. Ke3 Kxa4 54. Nc5+ Kb4 55. Nxb7 a4 56. Nd8 a3 57. Nc6+ Kc3 0-1

[Event "XXI Open"]
[Site "Pola CRO"]
[Date "2007.06.27"]
[Round "6.16"]
[White "Krumpacnik, Domen"]
[Black "Dambrauskas, Virginijus"]
[Result "0-1"]
[WhiteElo "2406"]
[BlackElo "2339"]
[PlyCount "100"]
[EventDate "2007.06.23"]
[Source "www.chesslib.no"]
[SourceDate "2004.05.04"]

1. d4 d5 2. c4 c6 3. Nf3 Nf6 4. Nc3 Qb6 5. Qb3 Bf5 6. c5 Qc7 7. Bf4 Qc8 8. h3 h6 9. e3 g5 10. Bg3 Bg7 11. Qd1 b5 12. cxb6 axb6 13. Bd3 O-O 14. O-O Bxd3 15. Qxd3 Nbd7 16. Ne5 Nxe5 17. Bxe5 Ne8 18. Bxg7 Nxg7 19. e4 dxe4 20. Qxe4 Qe6 21. Qf3 Rfd8 22. Rad1 Ra5 23. Rfe1 Qf6 24. Qe4 Ra7 25. d5 c5 26. Re3 Ne8 27. Rf3 Qg7 28. a4 Rad7 29. h4 Nd6 30. Qe2 Ra8 31. hxg5 hxg5 32. Re1 Qg6 33. Qe5 Nc4 34. Qe2 Nd6 35. Re3 Nf5 36. Re5 Raa7 37. Qg4 Nh6 38. Qg3 f6 39. Re6 Rab7 40. Qe3 Nf5 41. Qe4 Kf7 42. Rc6 Nd4 43. Qg4 Rd8 44. Rc8 f5 45. Rxd8 fxg4 46. d6 exd6 47. Ne4 Re7 48. Nxd6+ Qxd6 49. Rxd6 Rxe1+ 50. Kh2 Re6 0-1

[Event "URS Team Ch"]
[Site "Podolsk RUS"]
[Date "1990.??.??"]
[Round "?"]
[White "Ambarcumjan, Armen"]
[Black "Shabanov, Yuri"]
[Result "1/2-1/2"]
[WhiteElo "2355"]
[BlackElo "2385"]
[PlyCount "154"]
[EventDate "1990.??.??"]
[Source "www.chesslib.no"]
[SourceDate "2004.05.04"]

1. d4 d5 2. c4 c6 3. Nc3 Nf6 4. Nf3 Qb6 5. Ne5 Bf5 6. c5 Qd8 7. Qb3 Qc8 8. f3 Be6 9. e4 Nbd7 10. Nxd7 Qxd7 11. e5 Ng8 12. Bd3 g6 13. Ne2 Bf5 14. Bxf5 gxf5 15. O-O e6 16. Nf4 h5 17. Qa4 Ne7 18. b4 Ng6 19. Nh3 Be7 20. Bg5 Bxg5 21. Nxg5 Nf4 22. Qc2 Qe7 23. h4 Ng6 24. Qf2 f4 25. a4 Nxh4 26. Qxh4 Rg8 27. Qxh5 Qxg5 28. Qxg5 Rxg5 29. b5 Kd7 30. Rfb1 b6 31. Rc1 Rc8 32. cxb6 axb6 33. a5 bxa5 34. b6 Rb8 35. Rcb1 Rgg8 36. Rxa5 Ra8 37. Rba1 Rxa5 38. Rxa5 Rb8 39. Ra7+ Ke8 40. Ra6 Kd7 41. Kf2 Kc8 42. Ke2 Kb7 43. Ra7+ Kxb6 44. Rxf7 Rg8 45. Kf2 Kb5 46. Rxf4 Kc4 47. g4 Kd3 48. Kg2 Ke3 49. Kg3 Rg7 50. Rf6 Kxd4 51. Rxe6 Rc7 52. f4 c5 53. Ra6 c4 54. Ra4 Ke4 55. e6 d4 56. e7 Rxe7 57. Rxc4 Rd7 58. f5 Ke5 59. Rc5+ Kf6 60. Rc6+ Kf7 61. Rh6 Rd5 62. Rh7+ Kg8 63. Rh2 d3 64. Rd2 Kf7 65. Kf3 Rd4 66. g5 Kg7 67. Ke3 Rg4 68. g6 Kf6 69. Rf2 Rg3+ 70. Ke4 Rh3 71. Kd5 Rg3 72. Ke4 Rh3 73. Rg2 Rh8 74. Ra2 Rh4+ 75. Kd5 Rg4 76. Rf2 d2 77. Rxd2 Kxf5 1/2-1/2

[Event "ch-UKR"]
[Site "Simferopol"]
[Date "2003.11.12"]
[Round "9"]
[White "Vasilevich, Tatjana"]
[Black "Ivanov, Andrey A"]
[Result "0-1"]
[WhiteElo "2425"]
[BlackElo "2311"]
[PlyCount "140"]
[EventDate "2003.11.04"]
[Source "Roberto Alvarez"]
[SourceDate "2003.12.22"]

1. d4 d5 2. c4 c6 3. Nf3 Nf6 4. Nc3 Qb6 5. Qc2 Bg4 6. c5 Qc7 7. Ne5 Nbd7 8. h3 Bh5 9. Bf4 Qc8 10. e3 Nxe5 11. Bxe5 Nd7 12. Bg3 e5 13. Be2 Bg6 14. Qd2 Be7 15. O-O O-O 16. b4 Bf6 17. f4 exd4 18. exd4 h6 19. f5 Bh7 20. Bf4 a5 21. b5 Re8 22. Be3 Qd8 23. bxc6 bxc6 24. Bf3 Rb8 25. Rad1 Qe7 26. Rde1 Bh4 27. Re2 Qf6 28. Bf4 Rxe2 29. Nxe2 Bg5 30. g4 g6 31. Qxa5 Bxf4 32. Nxf4 gxf5 33. Qc7 fxg4 34. hxg4 Rb2 35. Bg2 Be4 36. Bxe4 dxe4 37. Qc8+ Nf8 38. Qf5 Qe7 39. Nh5 Qh4 40. Qf4 Ne6 41. Qg3 Qg5 42. Kh1 e3 43. Re1 Rf2 44. Kg1 Nf4 45. Rxe3 Rg2+ 46. Qxg2 Nxg2 47. Re8+ Kh7 48. Kxg2 Qxg4+ 49. Ng3 Qxd4 50. Ra8 Qxc5 51. a4 Qb6 52. a5 Qb7 53. Rf8 c5+ 54. Kf2 c4 55. Ne2 Qd7 56. a6 Kg7 57. Ra8 Qc6 58. Rb8 Qxa6 59. Rb1 f5 60. Rc1 Qe6 61. Rc3 Qb6+ 62. Kg2 Qc5 63. Rg3+ Kf7 64. Rh3 Qc6+ 65. Kf2 Ke7 66. Rc3 Kd7 67. Rf3 Qd5 68. Rh3 Qe6 69. Rc3 Kd6 70. Rh3 Kc5 0-1

[Event "XXV Festival internazionale - Open A"]
[Site "Bled SLO"]
[Date "2008.02.23"]
[Round "1"]
[White "Romanishin, Oleg M"]
[Black "Sirnik, Bostjan"]
[Result "1-0"]
[WhiteElo "2528"]
[BlackElo "2207"]
[PlyCount "77"]
[EventDate "2008.02.23"]
[Source "www.chesslib.no"]
[SourceDate "2004.05.04"]

1. d4 d5 2. Nf3 c6 3. c4 Nf6 4. Nc3 Qb6 5. e3 Bg4 6. h3 Bxf3 7. Qxf3 e6 8. Bd3 Bb4 9. O-O O-O 10. Bd2 a5 11. a3 Bxc3 12. bxc3 Re8 13. Rfb1 Qc7 14. cxd5 exd5 15. c4 dxc4 16. Bxc4 Qe7 17. Rb2 Ne4 18. Be1 Nd7 19. Bd3 Ndf6 20. a4 Nd6 21. Rab1 Ra7 22. Qd1 Nd5 23. Qc2 g6 24. Qc5 Rea8 25. e4 Nf4 26. Bf1 Ne6 27. Qa3 Re8 28. d5 Nd8 29. Re2 b5 30. e5 Nc4 31. Qxe7 Raxe7 32. axb5 cxd5 33. Rd1 Ne6 34. Ra2 Nf4 35. Bc3 Nxe5 36. Rxa5 Nc4 37. Ra2 Nb6 38. Ra6 Rc8 39. Bd2 1-0

[Event "RUS-ch sf"]
[Site "Ufa"]
[Date "1999.??.??"]
[Round "2"]
[White "Ovetchkin, Roman"]
[Black "Zatokovenko, I."]
[Result "1-0"]
[WhiteElo "2511"]
[BlackElo "2223"]
[PlyCount "89"]
[EventDate "1999.04.??"]
[Source "ChessBase"]
[SourceDate "1999.07.10"]

1. d4 d5 2. c4 c6 3. Nf3 Nf6 4. Nc3 Qb6 5. Qc2 Bg4 6. cxd5 Bxf3 7. exf3 Qxd4 8. Be3 Qb4 9. a3 Qa5 10. Qb3 Qc7 11. Rc1 Nbd7 12. Be2 g6 13. O-O Bg7 14. Nb5 Qa5 15. dxc6 bxc6 16. Rxc6 O-O 17. Qc2 Ne5 18. Rc7 Nd5 19. Bd2 Qb6 20. Rc5 e6 21. f4 Nd7 22. Rc6 Qb8 23. Nc7 Nxc7 24. Rxc7 Nb6 25. b4 Nd5 26. Rc4 Qd6 27. g3 h5 28. h4 a5 29. Rc6 Qe7 30. Rb1 axb4 31. axb4 Ra3 32. b5 Rfa8 33. Rc8+ Kh7 34. Rxa8 Rxa8 35. Bf3 Rb8 36. f5 Qd7 37. fxg6+ fxg6 38. Bxh5 Ne7 39. Bxg6+ Nxg6 40. h5 Qf7 41. hxg6+ Qxg6 42. Qxg6+ Kxg6 43. b6 Bd4 44. b7 Kf7 45. Be3 1-0

[Event "Portoroz op"]
[Site "Portoroz"]
[Date "1997.??.??"]
[Round "?"]
[White "Kozul, Zdenko"]
[Black "Sirnik, Bostjan"]
[Result "1-0"]
[WhiteElo "2590"]
[BlackElo "2125"]
[PlyCount "23"]
[EventDate "1997.??.??"]
[Source "www.chesslib.no"]
[SourceDate "2004.05.04"]

1. d4 d5 2. c4 c6 3. Nf3 Nf6 4. Nc3 Qb6 5. Qa4 e5 6. c5 Qc7 7. Nxe5 b5 8. cxb6 axb6 9. Qxa8 b5 10. Bd2 Bd6 11. Nxb5 cxb5 12. Rc1 1-0

[Event "Moscow IM6"]
[Site "Moscow"]
[Date "1996.??.??"]
[Round "?"]
[White "Maljutin, Evgeni"]
[Black "Seoev, Robert"]
[Result "1/2-1/2"]
[WhiteElo "2495"]
[BlackElo "2205"]
[PlyCount "43"]
[EventDate "1996.??.??"]
[Source "www.chesslib.no"]
[SourceDate "2004.05.04"]

1. Nf3 d5 2. d4 c6 3. c4 Nf6 4. Nc3 Qb6 5. e3 Bg4 6. h3 Bxf3 7. Qxf3 e6 8. Bd3 Nbd7 9. cxd5 cxd5 10. O-O Bd6 11. Qd1 O-O 12. f4 Bb4 13. Qc2 Rac8 14. Bd2 g6 15. Rfc1 a6 16. a3 Bd6 17. Kh2 Nh5 18. Qd1 f5 19. Na4 Qd8 20. Rxc8 Qxc8 21. Rc1 Qb8 22. b4 1/2-1/2

[Event "Statisztika"]
[Site "Budapest HUN"]
[Date "1991.??.??"]
[Round "3"]
[White "Schneider, Attila"]
[Black "Lehmann, Heinz G"]
[Result "1-0"]
[WhiteElo "2385"]
[BlackElo "2315"]
[PlyCount "57"]
[EventDate "1991.??.??"]
[Source "www.chesslib.no"]
[SourceDate "2004.05.04"]

1. d4 d5 2. Nf3 Nf6 3. c4 c6 4. Nc3 Qb6 5. e3 Bg4 6. h3 Bxf3 7. Qxf3 e6 8. Qd1 Nbd7 9. Qc2 Be7 10. Be2 O-O 11. O-O Rfc8 12. Rd1 Qc7 13. e4 dxe4 14. Nxe4 Nxe4 15. Qxe4 Nf8 16. Be3 Rd8 17. d5 Bf6 18. dxc6 bxc6 19. Rab1 c5 20. Rxd8 Rxd8 21. b4 Bd4 22. bxc5 Qxc5 23. Rb5 f5 24. Qh4 Qd6 25. c5 Bf6 26. Qxf6 Qd1+ 27. Bxd1 Rxd1+ 28. Kh2 gxf6 29. Rb8 1-0

[Event "BL2-N 9192"]
[Site "GER"]
[Date "1992.??.??"]
[Round "?"]
[White "Paulsen, Dirk"]
[Black "Lehmann, Heinz G"]
[Result "1-0"]
[WhiteElo "2340"]
[BlackElo "2330"]
[PlyCount "49"]
[EventDate "1991.10.??"]
[Source "www.chesslib.no"]
[SourceDate "2004.05.04"]

1. d4 d5 2. c4 c6 3. Nf3 Nf6 4. Nc3 Qb6 5. c5 Qc7 6. g3 Nh5 7. Bg2 g6 8. Qa4 Nd7 9. O-O Bg7 10. e4 dxe4 11. Nxe4 O-O 12. Re1 Ndf6 13. Nc3 Rd8 14. Ne5 Ng4 15. Nxg4 Rxd4 16. Nh6+ Kf8 17. Qb3 e5 18. Ne4 Be6 19. Qc3 Rc4 20. Qe3 Bd5 21. Nd6 Rd4 22. Bxd5 cxd5 23. Nhxf7 Kg8 24. Nxe5 Qxc5 25. Nf3 1-0

[Event "Corr"]
[Site "?"]
[Date "2000.09.25"]
[Round "?"]
[White "Blair David (NIR)"]
[Black "Schuster Juri"]
[Result "1/2-1/2"]
[WhiteElo "2290"]
[BlackElo "2379"]
[PlyCount "37"]
[EventDate "2000.??.??"]
[Source "www.chesslib.no"]
[SourceDate "2004.05.04"]

1. c4 c6 2. d4 d5 3. Nf3 Nf6 4. Nc3 Qb6 5. Ne5 g6 6. c5 Qd8 7. Bf4 Bg7 8. Qd2 h6 9. h3 Nbd7 10. e3 O-O 11. Rd1 g5 12. Bh2 Nxe5 13. Bxe5 b6 14. b4 Bf5 15. Ba6 Qd7 16. a4 bxc5 17. bxc5 Ne4 18. Nxe4 Bxe4 19. Bxg7 1/2-1/2

[Event "Manila ol (Men)"]
[Site "Manila PHI"]
[Date "1992.??.??"]
[Round "?"]
[White "Muir, Andrew J"]
[Black "Duer, Werner"]
[Result "1/2-1/2"]
[WhiteElo "2375"]
[BlackElo "2275"]
[PlyCount "89"]
[EventDate "1992.06.??"]
[Source "www.chesslib.no"]
[SourceDate "2004.05.04"]

1. d4 c6 2. c4 d5 3. Nc3 Nf6 4. Nf3 Qb6 5. Qc2 Na6 6. e3 g6 7. a3 Bf5 8. Bd3 Bxd3 9. Qxd3 Bg7 10. O-O O-O 11. Bd2 Qb3 12. Ne5 Ne4 13. Nxe4 Qxd3 14. Nxd3 dxe4 15. Nf4 e5 16. Ne2 exd4 17. exd4 f5 18. Be3 Nc7 19. Rad1 Rad8 20. g3 h6 21. h4 b6 22. Rd2 Rd7 23. Rfd1 Rfd8 24. a4 Kh7 25. Kg2 Bf6 26. b3 g5 27. hxg5 hxg5 28. f3 Re8 29. f4 Kg6 30. Rh1 Ne6 31. b4 gxf4 32. gxf4 Rg8 33. a5 bxa5 34. bxa5 Re8 35. Rhd1 a6 36. Kf2 Bh4+ 37. Kg2 Rg8 38. d5 cxd5 39. Rxd5 Rh7 40. Rd7 Be7 41. R1d5 Kh5+ 42. Kh3 Kg6+ 43. Kg2 Kh5+ 44. Kh3 Kg6+ 45. Kg2 1/2-1/2

[Event "Elenite Open"]
[Site "Elenite"]
[Date "1993.??.??"]
[Round "6"]
[White "Inkiov, Ventzislav V"]
[Black "Stefanova, Antoaneta"]
[Result "1-0"]
[WhiteElo "2470"]
[BlackElo "2175"]
[PlyCount "57"]
[EventDate "1993.??.??"]
[Source "www.chesslib.no"]
[SourceDate "2004.05.04"]

1. d4 d5 2. Nf3 Nf6 3. c4 c6 4. Nc3 Qb6 5. Qc2 Bg4 6. e3 e6 7. Ne5 Bf5 8. Bd3 Bxd3 9. Qxd3 Nbd7 10. Nxd7 Nxd7 11. e4 dxe4 12. Nxe4 Be7 13. O-O Nf6 14. Bg5 Qd8 15. Bxf6 Bxf6 16. Rad1 O-O 17. f4 g6 18. g4 Bg7 19. f5 Qh4 20. f6 Qxg4+ 21. Kh1 Bh6 22. Rf3 Rfd8 23. Rg1 Qh5 24. Rh3 Qf5 25. Rxh6 e5 26. Rf1 Qg4 27. d5 cxd5 28. cxd5 Rac8 29. d6 1-0

[Event "Pobeskydi Technomont Cup"]
[Site "Frydek Mistek"]
[Date "2004.04.08"]
[Round "2"]
[White "Luch, Michal"]
[Black "Dambrauskas, Virginijus"]
[Result "1-0"]
[WhiteElo "2333"]
[BlackElo "2303"]
[PlyCount "85"]
[EventDate "2004.04.04"]
[Source "Roberto Alvarez"]
[SourceDate "2004.05.03"]

1. d4 Nf6 2. c4 c6 3. Nc3 d5 4. Nf3 Qb6 5. Qc2 Bg4 6. c5 Qd8 7. Ne5 Bh5 8. Bf4 Nbd7 9. e3 Nxe5 10. Bxe5 Nd7 11. Bg3 Bg6 12. Qb3 Qc8 13. Be2 e6 14. O-O Be7 15. Qa4 O-O 16. b4 Bf6 17. Rac1 b5 18. Nxb5 cxb5 19. Bxb5 Nb8 20. c6 a6 21. Be2 Ra7 22. b5 Bd8 23. c7 Bxc7 24. b6 Bxb6 25. Rxc8 Rxc8 26. h4 Nd7 27. Qa3 Bd8 28. Rc1 Rca8 29. h5 Bf5 30. Bf4 h6 31. g4 Bh7 32. Qb4 Nf6 33. Rc6 Be7 34. Bd6 Bxd6 35. Qxd6 g5 36. hxg6 Bxg6 37. Rc7 Rxc7 38. Qxc7 a5 39. a4 Ne4 40. Bd3 Kg7 41. Kg2 Ng5 42. Bxg6 Kxg6 43. Qc2+ 1-0

[Event "Nationale I"]
[Site "Clermont Ferrand"]
[Date "2003.05.09"]
[Round "10.6"]
[White "Nezar, Mustapha"]
[Black "Moracchini, Fabrice"]
[Result "1-0"]
[WhiteElo "2320"]
[BlackElo "2302"]
[PlyCount "165"]
[EventDate "2003.05.07"]
[Source "Roberto Alvarez"]
[SourceDate "2003.05.12"]

1. d4 d5 2. c4 c6 3. Nc3 Nf6 4. Nf3 Qb6 5. e3 Bf5 6. cxd5 cxd5 7. Bb5+ Bd7 8. Bd3 Nc6 9. O-O e6 10. Bd2 Bd6 11. Na4 Qd8 12. Rc1 b6 13. Nc3 O-O 14. e4 dxe4 15. Nxe4 Be7 16. Qe2 Nd5 17. a3 Rc8 18. Rc2 Re8 19. Rfc1 Bf8 20. Ba6 Rc7 21. Bg5 f6 22. Bd2 Nb8 23. Bd3 Rxc2 24. Rxc2 Nc6 25. h3 Qe7 26. Bc4 Qf7 27. Nc3 Bd6 28. Qe4 Nce7 29. Nb5 Bb8 30. Bd3 g6 31. Rc1 Bc6 32. Qe2 Bb7 33. Be4 Nf5 34. Re1 Qd7 35. Nc3 Nxc3 36. Bxc3 Bxe4 37. Qxe4 Kf7 38. g4 Nd6 39. Qf4 Kg7 40. g5 Nf5 41. gxf6+ Kxf6 42. d5+ e5 43. Nxe5 Bxe5 44. Rxe5 Kf7 45. Qe4 Rxe5 46. Qxe5 Qe7 47. Kg2 Qg5+ 48. Kh2 Qe7 49. Qb8 Qd6+ 50. Qxd6 Nxd6 51. Kg3 Ne4+ 52. Kf3 Ng5+ 53. Kg4 Ne4 54. f4 Nd6 55. Kg5 Nf5 56. Be5 h6+ 57. Kg4 Ne3+ 58. Kf3 Nxd5 59. Ke4 Ke6 60. a4 Ne7 61. Bg7 Nf5 62. Bf8 Kf7 63. Bb4 Ke6 64. Bd2 Kd6 65. Bb4+ Ke6 66. Be1 a6 67. Bf2 Nd6+ 68. Kd4 Nc8 69. Kc4 Nd6+ 70. Kb4 Nc8 71. a5 b5 72. Kc5 Kd7 73. Bd4 Kc7 74. Be5+ Kb7 75. b4 Ne7 76. Kd6 Nf5+ 77. Ke6 Kc6 78. Kf6 Nh4 79. Kg7 g5 80. Kxh6 gxf4 81. Bxf4 Ng2 82. Bd2 Kd5 83. Kg5 1-0

[Event "Belgorod-B"]
[Site "Belgorod RUS"]
[Date "1991.??.??"]
[Round "?"]
[White "Pribyl, Martin"]
[Black "Sericano, Claudio"]
[Result "0-1"]
[WhiteElo "2315"]
[BlackElo "2305"]
[PlyCount "60"]
[EventDate "1991.??.??"]
[Source "www.chesslib.no"]
[SourceDate "2004.05.04"]

1. d4 d5 2. c4 c6 3. Nf3 Nf6 4. Nc3 Qb6 5. cxd5 cxd5 6. Bg5 Qxb2 7. Rc1 Nbd7 8. e4 Nxe4 9. Nxe4 dxe4 10. Nd2 e6 11. Bc4 Qxd4 12. O-O Bd6 13. Re1 h6 14. Rxe4 Bxh2+ 15. Kf1 Qd6 16. Rxe6+ fxe6 17. Qh5+ Kf8 18. Ne4 Qe5 19. Rc3 Qxe4 20. Rf3+ Nf6 21. Bxf6 Qxc4+ 22. Ke1 Qe4+ 23. Kd1 gxf6 24. Rxf6+ Ke7 25. Rf7+ Kd6 26. Qxh2+ e5 27. Rg7 Be6 28. Qg3 Rac8 29. Qa3+ Rc5 30. Qxa7 Qd3+ 0-1

[Event "Landesliga S Bayern 9596"]
[Site "GER"]
[Date "1996.??.??"]
[Round "?"]
[White "Reilein, Christian"]
[Black "Zach, Andreas"]
[Result "1-0"]
[WhiteElo "2290"]
[BlackElo "2325"]
[PlyCount "51"]
[EventDate "1995.10.??"]
[Source "www.chesslib.no"]
[SourceDate "2004.05.04"]

1. d4 d5 2. Nf3 c6 3. c4 Nf6 4. Nc3 Qb6 5. Qb3 Bf5 6. cxd5 Qxb3 7. axb3 Nxd5 8. Nxd5 cxd5 9. Bf4 Nc6 10. e3 e6 11. Bb5 Bb4+ 12. Ke2 f6 13. Bxc6+ bxc6 14. Ra6 c5 15. Rha1 O-O 16. Bd6 Rfc8 17. Rxa7 Rxa7 18. Rxa7 Bc2 19. Bxc5 Bxc5 20. dxc5 Rxc5 21. Nd4 e5 22. Ne6 Rc8 23. Rxg7+ Kh8 24. Rc7 Rxc7 25. Nxc7 Bxb3 26. Ne8 1-0

[Event "Nova Gorica op"]
[Site "Nova Gorica"]
[Date "1998.??.??"]
[Round "5"]
[White "Scekic, Milos"]
[Black "Sirnik, Bostjan"]
[Result "1-0"]
[WhiteElo "2430"]
[BlackElo "2170"]
[PlyCount "87"]
[EventDate "1998.02.??"]
[Source "www.chesslib.no"]
[SourceDate "2004.05.04"]

1. d4 d5 2. Nf3 c6 3. c4 Nf6 4. Nc3 Qb6 5. e3 Bf5 6. Be2 e6 7. Nh4 Bg6 8. Nxg6 hxg6 9. O-O Nbd7 10. b3 Rd8 11. Qc2 Bd6 12. g3 Be7 13. Bb2 O-O 14. Rfd1 Rfe8 15. a3 Rc8 16. c5 Qc7 17. f4 Nh7 18. Kh1 g5 19. fxg5 Nxg5 20. e4 Nxe4 21. Nxe4 dxe4 22. Qxe4 Nf6 23. Qg2 Nd5 24. Bd3 g6 25. Qe4 Kg7 26. Rf1 f5 27. Qf3 Bf6 28. Rae1 e5 29. dxe5 Bxe5 30. Rxe5 Rxe5 31. Re1 Rce8 32. Qe2 Kf6 33. Bc4 b6 34. b4 R8e7 35. Qd3 bxc5 36. bxc5 Re8 37. Bxd5 cxd5 38. h4 R8e7 39. Qe3 a6 40. Qh6 Re8 41. Rxe5 Rxe5 42. Qf8+ Ke6 43. Qe8+ Kf6 44. c6 1-0

[Event "Milan Crespi op 21st"]
[Site "Milan"]
[Date "2000.12.03"]
[Round "1"]
[White "Vinzoni, Andrea"]
[Black "Laketic, Gojko"]
[Result "1/2-1/2"]
[WhiteElo "2114"]
[BlackElo "2483"]
[PlyCount "92"]
[EventDate "2000.12.04"]
[Source "ChessBase"]
[SourceDate "2001.01.11"]

1. d4 d5 2. c4 c6 3. Nf3 Nf6 4. Nc3 Qb6 5. e3 Bf5 6. Bd3 Bxd3 7. Qxd3 e6 8. O-O Qa6 9. b3 Bb4 10. Bb2 Nbd7 11. Ne5 Nxe5 12. dxe5 dxc4 13. Qxc4 Qxc4 14. bxc4 Bxc3 15. Bxc3 Ne4 16. Bb4 c5 17. Ba5 b6 18. f3 bxa5 19. fxe4 Rb8 20. Rfd1 Rb4 21. Rab1 Ke7 22. a3 Rb6 23. Rxb6 axb6 24. Rb1 Rb8 25. a4 f6 26. Kf2 fxe5 27. Ke2 g5 28. h3 h5 29. g3 Rb7 30. Rd1 Rc7 31. Rb1 Rc6 32. Rd1 Rc8 33. Rb1 Rb8 34. Rd1 Rg8 35. Rb1 Rb8 36. Rd1 Rf8 37. Rf1 Rh8 38. Rb1 Kd7 39. Rd1+ Kc7 40. Rb1 Rh7 41. Rd1 Kb7 42. Rb1 Rg7 43. Rd1 g4 44. h4 Rf7 45. Rf1 Rxf1 46. Kxf1 Kc6 1/2-1/2

[Event "Tatry op"]
[Site "Tatranska Lomnica"]
[Date "1999.10.04"]
[Round "3"]
[White "Koutsin, Sergey"]
[Black "Jakubek, Peter"]
[Result "1-0"]
[WhiteElo "2415"]
[BlackElo "2179"]
[PlyCount "61"]
[EventDate "1999.10.02"]
[Source "www.chesslib.no"]
[SourceDate "2004.05.04"]

1. d4 d5 2. c4 c6 3. Nf3 Nf6 4. Nc3 Qb6 5. e3 Bg4 6. h3 Bxf3 7. Qxf3 e6 8. Bd3 Nbd7 9. O-O Be7 10. b3 O-O 11. Bb2 Rfe8 12. Rfd1 Rad8 13. Qe2 Bf8 14. Qc2 g6 15. a3 Bg7 16. b4 e5 17. cxd5 cxd5 18. dxe5 Nxe5 19. Qb3 Qe6 20. Nb5 Qe7 21. Nxa7 Ne4 22. Nb5 Nxf2 23. Kxf2 Nc4 24. Bxg7 Qxe3+ 25. Kf1 Re4 26. Bh6 g5 27. Bxg5 Qxg5 28. Bxe4 Qf6+ 29. Bf3 Qxa1 30. Rxa1 Nd2+ 31. Ke2 1-0

[Event "Oberliga Wuert 9192"]
[Site "Wuerttemberg"]
[Date "1992.??.??"]
[Round "?"]
[White "Jankovec, Ivan"]
[Black "Dittmar, Peter"]
[Result "0-1"]
[WhiteElo "2265"]
[BlackElo "2310"]
[PlyCount "104"]
[EventDate "1991.10.??"]
[Source "www.chesslib.no"]
[SourceDate "2004.05.04"]

1. d4 d5 2. c4 c6 3. Nf3 Nf6 4. Nc3 Qb6 5. e3 Bg4 6. h3 Bxf3 7. Qxf3 e6 8. Bd3 Nbd7 9. O-O Be7 10. b3 O-O 11. Rb1 Rfe8 12. Bb2 Rad8 13. Rfd1 Qa5 14. a3 Bd6 15. b4 Qc7 16. Rbc1 Qb8 17. e4 dxc4 18. Bxc4 e5 19. d5 Nb6 20. Bb3 cxd5 21. Nxd5 Nbxd5 22. Bxd5 Nxd5 23. Rxd5 Bc7 24. Rcd1 Rxd5 25. Rxd5 Rd8 26. Qb3 Rxd5 27. Qxd5 Kf8 28. a4 f6 29. b5 Bd6 30. Bc1 Qc7 31. Be3 b6 32. g3 Bb4 33. Kg2 Qe7 34. h4 Qc7 35. h5 h6 36. Kf3 Qc8 37. Qc6 Qxc6 38. bxc6 Ke7 39. Kg4 Bc5 40. c7 Kd7 41. Kf5 Bxe3 42. fxe3 Kxc7 43. Kg6 Kd7 44. Kxg7 Ke7 45. Kxh6 Kf7 46. g4 a6 47. Kh7 b5 48. axb5 axb5 49. g5 fxg5 50. h6 g4 51. Kh8 g3 52. h7 Ke7 0-1

[Event "Olomouc"]
[Site "Olomouc CZE"]
[Date "1989.??.??"]
[Round "?"]
[White "Belotti, Bruno"]
[Black "Turci, Stefano"]
[Result "1/2-1/2"]
[WhiteElo "2350"]
[BlackElo "2225"]
[PlyCount "38"]
[EventDate "1989.??.??"]
[Source "www.chesslib.no"]
[SourceDate "2004.05.04"]

1. d4 d5 2. Nf3 Nf6 3. c4 c6 4. Nc3 Qb6 5. e3 Bf5 6. Be2 h6 7. O-O e6 8. Ne5 Be7 9. f4 O-O 10. c5 Qc7 11. b4 b6 12. Bd2 Ne4 13. Bh5 Nd7 14. Nxe4 Bxe4 15. Be1 bxc5 16. bxc5 Rab8 17. Bc3 Nxe5 18. fxe5 f6 19. exf6 Bxf6 1/2-1/2